Katrina: la ideología y representación de un desastre natural /
Este artículo considera las representaciones e ideología como aspectos integrales a la creación de un desastre producido por un evento natural a partir del análisis antropológico del huracán Katrina. Analiza las conexiones entre políticas e ideologías neoliberales y la producción de la vulnerabilida...
Saved in:
| Main Author: | |
|---|---|
| Format: | Text |
| Subjects: | |
| Tags: |
Add Tag
No Tags, Be the first to tag this record!
|
MARC
| LEADER | 00000 a a2200000 04500 | ||
|---|---|---|---|
| 001 | 14559 | ||
| 003 | |||
| 040 | |||
| 100 | |a Hayden, Bridget | ||
| 245 | |a Katrina: |b la ideología y representación de un desastre natural / |c Bridget Hayden | ||
| 520 | |a Este artículo considera las representaciones e ideología como aspectos integrales a la creación de un desastre producido por un evento natural a partir del análisis antropológico del huracán Katrina. Analiza las conexiones entre políticas e ideologías neoliberales y la producción de la vulnerabilidad antes del huracán y las representaciones y respuestas después. | ||
| 590 | |a SJB/MAYO2011 | ||
| 650 | |a 1.DESASTRES NATURALES | ||
| 650 | |a 2.REPRESENTACION SOCIAL | ||
| 650 | |a 3.ANTROPOLOGIA | ||
| 650 | |a 4.IDEOLOGIAS | ||
| 650 | |a 5.ASPECTOS SOCIALES | ||
| 650 | |a 6.NEOLIBERALISMO | ||
| 650 | |a 7.ESTADOS UNIDOS | ||
| 773 | |g número 113 -114 (III -IV; páginas 139-153 | ||
| 999 | |c 37389 |d 37389 | ||
| 773 | 0 | |0 18728 |9 3029 |a Universidad de Costa Rica |d San José, Costa Rica Editorial UCR 1956- |o 05883 |t Revista de Ciencias Sociales/ |x 04825276 | |
